[Event "Midland Ch Forrest Cup"]
[Site "Derby"]
[Date "1992.03.20"]
[Round "1"]
[White "Gamble, Raymond J"]
[Black "Naylor, John"]
[Result "1/2-1/2"]
[WhiteElo "2032"]
[BlackElo "2168"]
[PlyCount "111"]
[EventDate "1992.03.20"]
[EventType "swiss"]
[EventRounds "6"]
[EventCountry "ENG"]
[SourceTitle "BritBase"]
[Source "John Saunders"]
[SourceDate "2023.11.11"]
[SourceVersion "1"]
[SourceVersionDate "2023.11.11"]
[SourceQuality "1"]

1. d4 Nf6 2. Nf3 g6 3. Nbd2 d5 4. e3 Bg7 5. Bd3 O-O 6. O-O c5 7. c3 b6 8. e4
dxe4 9. Nxe4 Bb7 10. Nxf6+ Bxf6 11. dxc5 bxc5 12. Bh6 Re8 13. Bb5 Bc6 14. Qa4
Qb6 15. Bxc6 Nxc6 16. Be3 Ne5 17. Nxe5 Bxe5 18. f4 Bd6 19. b3 Qc7 20. h3 c4 21.
bxc4 Rec8 22. Rab1 Qxc4 23. Qxc4 Rxc4 24. Bd4 Ra4 25. Rb2 Rb8 26. Rxb8+ Bxb8
27. Rf2 f6 28. g3 Kf7 29. Kg2 Ke6 30. Kf3 Kd5 31. Rb2 Bd6 32. g4 e5 33. fxe5
fxe5 34. Bf2 e4+ 35. Ke2 Be5 36. Be1 Ra3 37. Rc2 Ra4 38. Rb2 a6 39. Ke3 Rc4 40.
Rb3 g5 41. Ra3 Bf4+ 42. Ke2 Rc6 43. Ra5+ Ke6 44. Bd2 Rb6 45. Be1 Rb2+ 46. Kd1
e3 47. Rxa6+ Ke5 48. Ra5+ Ke4 49. Ra4+ Kf3 50. Kc1 e2+ 51. Kxb2 Kg2 52. c4 Kf1
53. Ba5 Bc7 54. Bb4 Bd6 55. Ba5 Bc7 56. Bb4 1/2-1/2

[Event "Midland Ch Forrest Cup"]
[Site "Derby"]
[Date "1992.03.21"]
[Round "2"]
[White "Alcock, Michael W"]
[Black "Gamble, Raymond J"]
[Result "1/2-1/2"]
[WhiteElo "2240"]
[BlackElo "2032"]
[PlyCount "29"]
[EventDate "1992.03.20"]
[EventType "swiss"]
[EventRounds "6"]
[EventCountry "ENG"]
[SourceTitle "BritBase"]
[Source "John Saunders"]
[SourceDate "2023.11.11"]
[SourceVersion "1"]
[SourceVersionDate "2023.11.11"]
[SourceQuality "1"]

1. Nf3 d5 2. g3 Nf6 3. Bg2 e6 4. O-O Be7 5. c4 c6 6. b3 Nbd7 7. Bb2 O-O 8. d3
b6 9. Nbd2 Bb7 10. Rc1 c5 11. d4 Rc8 12. cxd5 Bxd5 13. Re1 Ne4 14. Nxe4 Bxe4
15. Nd2 1/2-1/2

[Event "Midland Ch Forrest Cup"]
[Site "Derby"]
[Date "1992.03.21"]
[Round "3"]
[White "Gamble, Raymond J"]
[Black "Barnes, Michael H"]
[Result "1-0"]
[WhiteElo "2032"]
[BlackElo "2152"]
[PlyCount "123"]
[EventDate "1992.03.20"]
[EventType "swiss"]
[EventRounds "6"]
[EventCountry "ENG"]
[SourceTitle "BritBase"]
[Source "John Saunders"]
[SourceDate "2023.11.11"]
[SourceVersion "1"]
[SourceVersionDate "2023.11.11"]
[SourceQuality "1"]

1. d4 e5 2. dxe5 Nc6 3. Nf3 Qe7 4. Qd5 f6 5. exf6 Nxf6 6. Qb3 d5 7. Bg5 h6 8.
Bxf6 Qxf6 9. e3 Bd6 10. Nc3 d4 11. Ne4 Qe7 12. Nxd6+ Qxd6 13. O-O-O Bg4 14.
exd4 O-O-O 15. Be2 Rhe8 16. Rhe1 Qf4+ 17. Kb1 Bxf3 18. Qxf3 Qxh2 19. c3 Kb8 20.
Rh1 Qd6 21. Rh4 Rf8 22. Qg3 Qxg3 23. fxg3 Ne7 24. Rf4 Nd5 25. Re4 Rf2 26. Bf3
c6 27. Rde1 Kc7 28. R4e2 Rxe2 29. Rxe2 Rd7 30. Kc2 Nf6 31. Re5 Kd6 32. Kd3 b6
33. b4 Rc7 34. g4 Nd7 35. Rf5 c5 36. bxc5+ bxc5 37. g5 hxg5 38. Rxg5 cxd4 39.
Kxd4 Nf8 40. Rd5+ Ke7 41. Bg4 Rb7 42. Ra5 Nh7 43. c4 Nf6 44. Bf5 Ne8 45. Kd5
Nd6 46. Bg4 Rc7 47. c5 Ne8 48. Bf5 Nf6+ 49. Kd4 g5 50. Ra6 g4 51. Re6+ Kf7 52.
c6 Ne8 53. Bxg4 Ng7 54. Rd6 Ne8 55. Rd7+ Kf6 56. Bh5 Ng7 57. Kd5 Rxd7+ 58. cxd7
Ke7 59. Bg4 a5 60. Kc6 Kd8 61. Kb5 a4 62. Kxa4 1-0

[Event "Midland Ch Forrest Cup"]
[Site "Derby"]
[Date "1992.03.21"]
[Round "4"]
[White "Ledger, Stephen C"]
[Black "Gamble, Raymond J"]
[Result "1-0"]
[WhiteElo "2112"]
[BlackElo "2032"]
[PlyCount "57"]
[EventDate "1992.03.20"]
[EventType "swiss"]
[EventRounds "6"]
[EventCountry "ENG"]
[SourceTitle "BritBase"]
[Source "John Saunders"]
[SourceDate "2023.11.11"]
[SourceVersion "1"]
[SourceVersionDate "2023.11.11"]
[SourceQuality "1"]

1. f4 d5 2. Nf3 c5 3. e3 Nc6 4. d4 Bg4 5. c3 e6 6. Bd3 f5 7. O-O Nf6 8. h3 Bxf3
9. Qxf3 Ne4 10. Nd2 Qh4 11. Kh2 g5 12. g3 Qh6 13. Bxe4 dxe4 14. fxg5 Qg6 15.
Qf4 cxd4 16. exd4 O-O-O 17. Nc4 Rd5 18. Be3 Qh5 19. g4 fxg4 20. Qxg4 Qxg4 21.
hxg4 b5 22. Nd2 e5 23. Nxe4 exd4 24. cxd4 Nxd4 25. Rac1+ Kb7 26. Rf7+ Ka6 27.
Rcc7 b4 28. Rxa7+ Kb5 29. b3 1-0

[Event "Midland Ch Forrest Cup"]
[Site "Derby"]
[Date "1992.03.22"]
[Round "5"]
[White "Gamble, Raymond J"]
[Black "Toscano, John"]
[Result "1-0"]
[WhiteElo "2032"]
[BlackElo "1848"]
[PlyCount "55"]
[EventDate "1992.03.20"]
[EventType "swiss"]
[EventRounds "6"]
[EventCountry "ENG"]
[SourceTitle "BritBase"]
[Source "John Saunders"]
[SourceDate "2023.11.11"]
[SourceVersion "1"]
[SourceVersionDate "2023.11.11"]
[SourceQuality "1"]

1. d4 e6 2. e4 d5 3. exd5 exd5 4. Bd3 Nc6 5. c3 Bd6 6. Qf3 Nge7 7. Ne2 Be6 8.
Bf4 Ng6 9. Bxd6 Qxd6 10. O-O Nce7 11. Nd2 O-O-O 12. Nb3 h5 13. Nc5 Bg4 14. Qg3
Bxe2 15. Bxe2 Nf4 16. Rfe1 g5 17. Qe3 Neg6 18. Bf1 h4 19. Nd3 Nxd3 20. Bxd3 Nf4
21. Bf5+ Kb8 22. Qe7 Qh6 23. Re3 a6 24. Rae1 Rhf8 25. a4 Qg7 26. Qc5 b6 27. Qc6
Rd6 28. Re8+ 1-0

[Event "Midland Ch Forrest Cup"]
[Site "Derby"]
[Date "1992.03.22"]
[Round "6"]
[White "Gamble, Raymond J"]
[Black "Eames, Robert S"]
[Result "1-0"]
[WhiteElo "2032"]
[BlackElo "2024"]
[PlyCount "101"]
[EventDate "1992.03.20"]
[EventType "swiss"]
[EventRounds "6"]
[EventCountry "ENG"]
[SourceTitle "BritBase"]
[Source "John Saunders"]
[SourceDate "2023.11.11"]
[SourceVersion "1"]
[SourceVersionDate "2023.11.11"]
[SourceQuality "1"]

1. d4 Nf6 2. Nf3 e6 3. e3 b6 4. Bd3 Bb7 5. Nbd2 c5 6. c3 Nc6 7. O-O Qc7 8. e4
Be7 9. Re1 h6 10. e5 Nd5 11. Ne4 cxd4 12. cxd4 g5 13. Be3 O-O-O 14. Rc1 Kb8 15.
a3 g4 16. Nfd2 Nxe3 17. fxe3 d5 18. exd6 Bxd6 19. Nxd6 Qxd6 20. Ne4 Qe7 21. Qa4
Rc8 22. Ba6 f5 23. Bxb7 Kxb7 24. Nc3 Rhd8 25. Red1 Qg5 26. Re1 g3 27. h3 f4 28.
d5 exd5 29. exf4 Qf6 30. Qb5 Qxf4 31. Kh1 d4 32. Ne4 Ne5 33. Rxc8 Kxc8 34. Nxg3
d3 35. Nf1 d2 36. Nxd2 Rxd2 37. Qxe5 Qxe5 38. Rxe5 Rxb2 39. Re6 Ra2 40. Rxh6
Rxa3 41. g4 b5 42. Kg2 b4 43. g5 Kd7 44. Rf6 b3 45. Rf7+ Ke6 46. g6 Ra2+ 47.
Kg3 Ra5 48. h4 $11 Rb5 $4 (48... b2 49. Rf1 b1=Q 50. Rxb1 Kf6 $11) 49. Rf1 $1
$18 a5 (49... Rb7 50. h5 $18) 50. g7 Rb8 51. Rf8 1-0

[Event "Midland Ch Forrest Cup"]
[Site "Derby"]
[Date "1993.03.19"]
[Round "1"]
[White "Flear, Glenn C"]
[Black "Gamble, Raymond J"]
[Result "1-0"]
[WhiteElo "2504"]
[BlackElo "2040"]
[PlyCount "61"]
[EventDate "1993.03.19"]
[EventType "swiss"]
[EventRounds "6"]
[EventCountry "ENG"]
[SourceTitle "BritBase"]
[Source "John Saunders"]
[SourceDate "2023.11.11"]
[SourceVersion "1"]
[SourceVersionDate "2023.11.11"]
[SourceQuality "1"]

1. d4 Nf6 2. c4 e6 3. Nc3 d5 4. cxd5 exd5 5. Bg5 Nbd7 6. e3 c6 7. Bd3 Be7 8.
Qc2 Nh5 9. Bxe7 Qxe7 10. O-O-O g6 11. g4 Ng7 12. Nf3 Nf6 13. h3 Be6 14. Ne5 O-O
15. f4 Nd7 16. f5 Nxe5 17. dxe5 Bd7 18. f6 Qxe5 19. fxg7 Qxe3+ 20. Kb1 Kxg7 21.
Qh2 Rfe8 22. Qc7 Be6 23. Qxb7 Rab8 24. Qc7 Qc5 25. Qe5+ Kg8 26. Ne4 Qb4 27.
Nf6+ Kf8 28. Nxh7+ Kg8 29. Nf6+ Kf8 30. Nxe8 Kxe8 31. Bxg6 1-0

[Event "Midland Ch Forrest Cup"]
[Site "Derby"]
[Date "1993.03.20"]
[Round "2"]
[White "Gamble, Raymond J"]
[Black "Edgell, Ben P"]
[Result "1/2-1/2"]
[WhiteElo "2040"]
[BlackElo "1760"]
[PlyCount "73"]
[EventDate "1993.03.19"]
[EventType "swiss"]
[EventRounds "6"]
[EventCountry "ENG"]
[SourceTitle "BritBase"]
[Source "John Saunders"]
[SourceDate "2023.11.11"]
[SourceVersion "1"]
[SourceVersionDate "2023.11.11"]
[SourceQuality "1"]

1. d4 d5 2. Nf3 Nf6 3. e3 g6 4. Bd3 Bg7 5. Nbd2 O-O 6. O-O Nbd7 7. e4 dxe4 8.
Nxe4 Nxe4 9. Bxe4 c5 10. c3 Qc7 11. Re1 Nf6 12. Bc2 cxd4 13. Nxd4 Rd8 14. Qe2
Bg4 15. f3 Bd7 16. Be3 Nd5 17. Bf2 e5 18. Nb5 Qb8 19. a4 Nf4 20. Qe3 Nd5 21.
Qc5 Bc6 22. Bg3 Nf4 23. Bxf4 exf4 24. Rad1 Rxd1 25. Bxd1 Bf8 26. Qc4 Bxb5 27.
axb5 Qd6 28. Bb3 Qc5+ 29. Qxc5 Bxc5+ 30. Kf1 Rd8 31. Re5 b6 32. Bd5 Kf8 33. c4
Re8 34. Rxe8+ Kxe8 35. Ke2 f5 36. Kd3 Ke7 37. b3 1/2-1/2

[Event "Midland Ch Forrest Cup"]
[Site "Derby"]
[Date "1993.03.20"]
[Round "3"]
[White "Grinsell, Lee A"]
[Black "Gamble, Raymond J"]
[Result "1-0"]
[WhiteElo "2032"]
[BlackElo "2040"]
[PlyCount "57"]
[EventDate "1993.03.19"]
[EventType "swiss"]
[EventRounds "6"]
[EventCountry "ENG"]
[SourceTitle "BritBase"]
[Source "John Saunders"]
[SourceDate "2023.11.11"]
[SourceVersion "1"]
[SourceVersionDate "2023.11.11"]
[SourceQuality "1"]

1. e4 e6 2. d4 d5 3. Nc3 Bb4 4. e5 Ne7 5. Nf3 c5 6. a3 Bxc3+ 7. bxc3 Qa5 8. Bd2
Nbc6 9. a4 c4 10. g3 Bd7 11. Bg2 O-O-O 12. O-O Rdf8 13. Qc1 h6 14. Qa3 g5 15.
Rfb1 f6 16. Rb5 Qc7 17. Rab1 fxe5 18. Nxe5 b6 19. a5 Nxa5 20. Rxa5 bxa5 21.
Qxe7 Re8 22. Qa3 a6 23. Nf7 Bb5 24. Nxh8 Rxh8 25. f4 Qh7 26. Qc5+ Kb8 27. Qb6+
Ka8 28. Qxe6 Rd8 29. Bxd5+ 1-0

[Event "Midland Ch Forrest Cup"]
[Site "Derby"]
[Date "1993.03.20"]
[Round "4"]
[White "Gamble, Raymond J"]
[Black "Kitson, Peter R"]
[Result "1/2-1/2"]
[WhiteElo "2040"]
[BlackElo "2016"]
[PlyCount "68"]
[EventDate "1993.03.19"]
[EventType "swiss"]
[EventRounds "6"]
[EventCountry "ENG"]
[SourceTitle "BritBase"]
[Source "John Saunders"]
[SourceDate "2023.11.11"]
[SourceVersion "1"]
[SourceVersionDate "2023.11.11"]
[SourceQuality "1"]

1. d4 d5 2. Nf3 Nf6 3. e3 Bf5 4. Bd3 Bxd3 5. Qxd3 c6 6. Nbd2 Nbd7 7. b3 e6 8.
Bb2 Bd6 9. O-O O-O 10. e4 dxe4 11. Nxe4 Nxe4 12. Qxe4 Nf6 13. Qe2 Qa5 14. Ne5
Rfd8 15. Nc4 Qa6 16. Qf3 Be7 17. Rfe1 Rac8 18. a4 b6 19. Ne5 Qb7 20. c4 Bd6 21.
h3 h6 22. Re3 Rc7 23. Ng4 Ne8 24. Rae1 Bb4 25. R1e2 Nd6 26. d5 (26. Nxh6+ $1
gxh6 27. Qf6 $18) 26... Nf5 27. Re4 (27. dxe6 $18) (27. Nf6+ $18) 27... Nd6 28.
Re5 (28. Nxh6+ $18) 28... cxd5 29. cxd5 Ne8 30. R5e4 (30. Nxh6+ $18) 30... a5
31. dxe6 Rd1+ 32. Kh2 f6 33. R4e3 (33. Qf5 $18) 33... Qxf3 34. Rxf3 Kf8 1/2-1/2

[Event "Midland Ch Forrest Cup"]
[Site "Derby"]
[Date "1993.03.21"]
[Round "5"]
[White "Burke, Steven J"]
[Black "Gamble, Raymond J"]
[Result "1-0"]
[WhiteElo "1976"]
[BlackElo "2040"]
[PlyCount "116"]
[EventDate "1993.03.19"]
[EventType "swiss"]
[EventRounds "6"]
[EventCountry "ENG"]
[SourceTitle "BritBase"]
[Source "John Saunders"]
[SourceDate "2023.11.11"]
[SourceVersion "1"]
[SourceVersionDate "2023.11.11"]
[SourceQuality "1"]

1. Nf3 d5 2. b3 Nf6 3. Bb2 e6 4. e3 Be7 5. Ne5 Nbd7 6. f4 O-O 7. Be2 Nxe5 8.
fxe5 Nd7 9. O-O f6 10. exf6 Bxf6 11. Bxf6 Rxf6 12. d4 c6 13. c4 Qe7 14. Nc3
Rxf1+ 15. Bxf1 dxc4 16. bxc4 Nf6 17. Qd3 e5 18. d5 Qd6 19. Ne4 Nxe4 20. Qxe4
Bd7 21. Rc1 b6 22. c5 bxc5 23. dxc6 Bxc6 24. Qc2 Rd8 25. Qxc5 Qxc5 26. Rxc5 Bb7
27. Rxe5 Rd1 28. Ra5 a6 29. Kf2 Rd6 30. Be2 Kf7 31. Bf3 Bxf3 32. gxf3 Ke6 33.
h4 Kd7 34. Kg3 Kc7 35. Rg5 g6 36. a4 h6 37. Re5 Rc6 38. h5 Kd6 39. Ra5 Kc7 40.
hxg6 Rxg6+ 41. Kf4 Rc6 42. e4 Kb6 43. Rh5 Rf6+ 44. Rf5 Rc6 45. a5+ Kc7 46. Rf7+
Kd8 47. Rb7 Rc5 48. Rb6 Rxa5 49. Rxh6 Ke7 50. e5 Ra3 51. Rf6 a5 52. Ke4 a4 53.
f4 Rb3 54. Ra6 a3 55. Kf5 Rh3 56. Ra7+ Kf8 57. Kf6 Rh6+ 58. Kg5 Rh3 1-0

[Event "Midland Ch Forrest Cup"]
[Site "Derby"]
[Date "1993.03.21"]
[Round "6"]
[White "Gilmore, Simon N"]
[Black "Gamble, Raymond J"]
[Result "0-1"]
[WhiteElo "2008"]
[BlackElo "2040"]
[PlyCount "108"]
[EventDate "1993.03.19"]
[EventType "swiss"]
[EventRounds "6"]
[EventCountry "ENG"]
[SourceTitle "BritBase"]
[Source "John Saunders"]
[SourceDate "2023.11.11"]
[SourceVersion "1"]
[SourceVersionDate "2023.11.11"]
[SourceQuality "1"]

1. Nf3 d5 2. d4 e6 3. g3 Nf6 4. Bg2 Be7 5. O-O O-O 6. c4 c6 7. b3 Nbd7 8. Bf4
b6 9. Re1 Bb7 10. Nc3 a6 11. Rc1 Rc8 12. Qc2 c5 13. dxc5 Bxc5 14. Nd2 h6 15.
cxd5 Nxd5 16. Nde4 Ba3 17. Rcd1 f5 18. Nd6 Rxc3 19. Qd2 N7f6 20. Nxb7 Qe7 21.
Bd6 Bxd6 22. Nxd6 Rc5 23. b4 Rc7 24. Nxf5 Qxb4 25. Bxd5 Nxd5 26. Nd4 Qe7 27.
Nxe6 Qxe6 28. Qxd5 Qxd5 29. Rxd5 Rc2 30. Rd6 Rf6 31. Rxf6 gxf6 32. a4 Rb2 33.
Kg2 Kf7 34. e3 Ke6 35. Rc1 Kd5 36. g4 Rb4 37. Rd1+ Ke5 38. Ra1 Rxg4+ 39. Kf3
Rb4 40. Kg3 Kd5 41. Rd1+ Kc5 42. Rc1+ Rc4 43. Ra1 Kb4 44. f4 f5 45. Rd1 Kxa4
46. Rd5 b5 47. Rxf5 b4 48. Rf6 a5 49. Rb6 b3 50. f5 Ka3 51. f6 b2 52. f7 Rc8
53. e4 Rf8 54. Rb7 Rxf7 0-1

[Event "Midland Ch Forrest Cup"]
[Site "Derby"]
[Date "1994.03.18"]
[Round "1"]
[White "Herrington, Jerry"]
[Black "Gamble, Raymond J"]
[Result "1/2-1/2"]
[WhiteElo "1816"]
[BlackElo "2056"]
[PlyCount "63"]
[EventDate "1994.03.18"]
[EventType "swiss"]
[EventRounds "6"]
[EventCountry "ENG"]
[SourceTitle "BritBase"]
[Source "John Saunders"]
[SourceDate "2023.11.11"]
[SourceVersion "1"]
[SourceVersionDate "2023.11.11"]
[SourceQuality "1"]

1. d4 Nf6 2. Bg5 d5 3. c4 e6 4. Nc3 Nbd7 5. e3 c6 6. Nf3 Qa5 7. Bf4 Ne4 8. Qb3
Ndf6 9. Bd3 Nxc3 10. bxc3 dxc4 11. Bxc4 b5 12. Bd3 Nd5 13. Rc1 Nxf4 14. exf4
Qc7 15. g3 Be7 16. O-O O-O 17. c4 b4 18. Be4 Rb8 19. Rfd1 Rd8 20. Ne5 Bb7 21.
d5 c5 22. Nc6 Bxc6 23. dxc6 Rxd1+ 24. Rxd1 Rd8 25. Rxd8+ Qxd8 26. Qd3 Qxd3 27.
Bxd3 Bd6 28. f5 exf5 29. Bxf5 g6 30. Bd3 Kf8 31. h4 Ke7 32. Kg2 1/2-1/2

[Event "Midland Ch Forrest Cup"]
[Site "Derby"]
[Date "1994.03.19"]
[Round "2"]
[White "Gamble, Raymond J"]
[Black "Edge, John A"]
[Result "1-0"]
[WhiteElo "2056"]
[BlackElo "1864"]
[PlyCount "45"]
[EventDate "1994.03.18"]
[EventType "swiss"]
[EventRounds "6"]
[EventCountry "ENG"]
[SourceTitle "BritBase"]
[Source "John Saunders"]
[SourceDate "2023.11.11"]
[SourceVersion "1"]
[SourceVersionDate "2023.11.11"]
[SourceQuality "1"]

1. d4 Nf6 2. Nf3 c5 3. e3 g6 4. Bd3 Bg7 5. Nbd2 d5 6. c3 cxd4 7. exd4 Nc6 8.
O-O O-O 9. Re1 Re8 10. Ne5 Nxe5 11. dxe5 Ne4 12. Nxe4 dxe4 13. Rxe4 Bf5 14. Rd4
Bxe5 15. Rxd8 Rexd8 16. Qe2 Rxd3 17. g4 Rad8 18. gxf5 Rd1+ 19. Kg2 Bf6 20. fxg6
hxg6 21. a4 R8d5 22. c4 Rd6 23. Rb1 1-0

[Event "Midland Ch Forrest Cup"]
[Site "Derby"]
[Date "1994.03.19"]
[Round "3"]
[White "Ledger, Andrew J"]
[Black "Gamble, Raymond J"]
[Result "1/2-1/2"]
[WhiteElo "2376"]
[BlackElo "2056"]
[PlyCount "110"]
[EventDate "1994.03.18"]
[EventType "swiss"]
[EventRounds "6"]
[EventCountry "ENG"]
[SourceTitle "BritBase"]
[Source "John Saunders"]
[SourceDate "2023.11.11"]
[SourceVersion "1"]
[SourceVersionDate "2023.11.11"]
[SourceQuality "1"]

1. c4 e6 2. Nf3 d5 3. g3 Nf6 4. Bg2 Be7 5. b3 Nbd7 6. Bb2 O-O 7. O-O c6 8. d4
b6 9. Nbd2 Bb7 10. Ne5 Nxe5 11. dxe5 Nd7 12. e4 Nc5 13. Qe2 dxc4 14. Nxc4 Qc7
15. f4 Rad8 16. Rf3 b5 17. Nd2 Rd7 18. Nf1 Rfd8 19. g4 b4 20. Re3 Nd3 21. Rxd3
Rxd3 22. f5 Bh4 23. Rc1 Qb6+ 24. Kh1 Qf2 25. Qxf2 Bxf2 26. Rc2 Bd4 27. Bxd4
R8xd4 28. Kg1 Rc3 29. Rb2 c5 30. Ng3 Rd1+ 31. Bf1 Ba6 32. Kf2 Bxf1 33. Nxf1 Kf8
34. Re2 Ke7 35. Ne3 Rd4 36. Nc4 Rc1 37. Nd6 Rxd6 38. exd6+ Kxd6 39. Rd2+ Ke5
40. Rd7 exf5 (40... Kxe4 $19) 41. exf5 Rc2+ 42. Kg3 Rxa2 43. Rxf7 Ra3 44. Re7+
Kf6 45. Rc7 Rxb3+ 46. Kf4 g5+ 47. fxg6 hxg6 48. Rc6+ Kf7 (48... Ke7 $1) 49.
Rxc5 Rc3 $2 (49... Ke6 $17) 50. Ra5 Rc7 51. Rb5 a5 52. Rxa5 Rb7 53. Ra2 b3 54.
Rb2 Rb4+ 55. Ke5 Rxg4 1/2-1/2

[Event "Midland Ch Forrest Cup"]
[Site "Derby"]
[Date "1994.03.19"]
[Round "4"]
[White "Gamble, Raymond J"]
[Black "Ledger, Stephen C"]
[Result "0-1"]
[WhiteElo "2056"]
[BlackElo "2088"]
[PlyCount "143"]
[EventDate "1994.03.18"]
[EventType "swiss"]
[EventRounds "6"]
[EventCountry "ENG"]
[SourceTitle "BritBase"]
[Source "John Saunders"]
[SourceDate "2023.11.11"]
[SourceVersion "1"]
[SourceVersionDate "2023.11.11"]
[SourceQuality "1"]

1. d4 Nf6 2. Nf3 g6 3. Nbd2 c5 4. e3 Bg7 5. Bd3 cxd4 6. exd4 d5 7. O-O Nc6 8.
c3 O-O 9. Re1 Re8 10. Ne5 Nd7 11. Ndf3 f6 12. Nxg6 hxg6 13. Bxg6 Nf8 14. Bxe8
Qxe8 15. b4 Bg4 16. h3 Bxf3 17. Qxf3 Qf7 18. a4 e5 19. dxe5 fxe5 20. Qxf7+ Kxf7
21. Bd2 Rc8 22. f3 Ne6 23. g3 d4 24. c4 Ne7 25. Rac1 Nf5 26. Kf2 b6 27. f4 exf4
28. gxf4 Nd6 29. Kg3 Rxc4 30. Rxc4 Nxc4 31. Bc1 Kf6 32. Rd1 Kf5 33. Kf3 Bf8 34.
b5 Bg7 35. h4 Nc5 36. Rg1 Bf6 37. h5 d3 38. h6 d2 39. h7 dxc1=Q 40. Rxc1 Nd6
41. Rd1 Nf7 42. a5 Kg6 43. axb6 axb6 44. Rh1 Bh8 45. Rh2 Nd6 46. Kg4 Nce4 47.
Kf3 Nf6 48. Rc2 Nf5 49. Rc7 Nd5 50. Rb7 Nfe7 51. Ke4 Kxh7 52. f5 Bf6 53. Rd7
Kg7 54. Rb7 Kf7 55. Kd3 Bh4 56. Ke4 Bf2 57. Ke5 Bg3+ 58. Kd4 Bd6 59. Rd7 Bc5+
60. Ke5 Nf6 61. Rb7 Ng4+ 62. Kf4 Ne3 63. Kg5 N3xf5 64. Rd7 Nd6 65. Kf4 Ke6 66.
Rd8 Nxb5 67. Ke4 Nd6+ 68. Kd3 Kd5 69. Kc3 Nc6 70. Rg8 b5 71. Rg5+ Ne5 72. Rh5 {
("Black won eventually" bulletin)} 0-1

[Event "Midland Ch Forrest Cup"]
[Site "Derby"]
[Date "1994.03.20"]
[Round "5"]
[White "Dyce, Andrew N"]
[Black "Gamble, Raymond J"]
[Result "0-1"]
[WhiteElo "1904"]
[BlackElo "2056"]
[PlyCount "132"]
[EventDate "1994.03.18"]
[EventType "swiss"]
[EventRounds "6"]
[EventCountry "ENG"]
[SourceTitle "BritBase"]
[Source "John Saunders"]
[SourceDate "2023.11.11"]
[SourceVersion "1"]
[SourceVersionDate "2023.11.11"]
[SourceQuality "1"]

1. e4 e6 2. d4 d5 3. Nd2 c5 4. exd5 Qxd5 5. Nb3 cxd4 6. Qxd4 Qxd4 7. Nxd4 a6 8.
Ngf3 Nf6 9. Bd3 Bc5 10. O-O O-O 11. c3 Nbd7 12. Nb3 Bd6 13. Bc2 Bc7 14. Re1 b6
15. Nbd2 Bb7 16. Ne4 Bxe4 17. Bxe4 Nxe4 18. Rxe4 Nc5 19. Re2 Rfd8 20. Bg5 f6
21. Be3 e5 22. Bxc5 bxc5 23. g3 Rd3 24. Nd2 Rad8 25. Nc4 Kf7 26. Rc1 h5 27.
Rcc2 Rd1+ 28. Kg2 Ra1 29. a3 Rdd1 30. Rcd2 Rg1+ 31. Kh3 Ke6 $11 32. f4 Rae1 33.
fxe5 fxe5 34. Kh4 g6 35. Kg5 Ref1 36. Ne3 Rf8 37. Kxg6 (37. Rf2 $14) 37... h4
38. g4 Bd8 39. Rg2 Rxg2 40. Rxg2 Rf3 41. Nf5 e4 42. Rd2 Bc7 43. Re2 Rf4 44. Kg5
h3 45. Nh4 (45. Kh4 $16) 45... Kd5 46. Ng6 $2 Rf7 (46... Rf3 $17) 47. Kh6 (47.
b3 $11) 47... a5 48. g5 c4 49. Nh4 Bf4 50. Kg6 Rf8 51. Kg7 $2 Bxg5 (51... Rd8)
52. Kxf8 Bxh4 53. Kf7 Ke5 54. Kg6 Kf4 55. Kh5 Be7 $2 56. Rd2 $4 (56. Rf2+ Ke3
57. Rf7 Bd6 58. Kg4 $18) 56... Kf3 $17 57. Rd7 Bc5 58. Rd5 Bb6 $2 (58... Bg1
$17) 59. Rd6 $2 (59. Rf5+ Kg2 60. Re5 e3 61. Kg4 $11) 59... Bg1 $19 60. Kh4
Bxh2 61. Re6 e3 62. Kxh3 Bf4 63. Re8 e2 64. Re7 Kf2 65. Kg4 Bd6 66. Rf7+ Kg2
0-1

[Event "Midland Ch Forrest Cup"]
[Site "Derby"]
[Date "1994.03.20"]
[Round "6"]
[White "Gamble, Raymond J"]
[Black "Rose, Kenneth T"]
[Result "1/2-1/2"]
[WhiteElo "2056"]
[BlackElo "1928"]
[PlyCount "94"]
[EventDate "1994.03.18"]
[EventType "swiss"]
[EventRounds "6"]
[EventCountry "ENG"]
[SourceTitle "BritBase"]
[Source "John Saunders"]
[SourceDate "2023.11.11"]
[SourceVersion "1"]
[SourceVersionDate "2023.11.11"]
[SourceQuality "1"]

1. d4 e6 2. g3 Nf6 3. Bg2 d5 4. c4 c6 5. b3 Nbd7 6. Nf3 Be7 7. Nbd2 b6 8. O-O
Bb7 9. Bb2 dxc4 10. bxc4 c5 11. e3 O-O 12. a4 Qc7 13. a5 cxd4 14. exd4 h6 15.
Re1 Bb4 16. Ba3 Bxa3 17. Rxa3 Rfd8 18. Qa1 Bc6 19. Rc1 Qb7 20. Rb1 Ne4 21. a6
Qc7 22. Nxe4 Bxe4 23. Rc1 Rac8 24. Re3 Nf6 25. Bh3 Qd6 26. d5 Rc5 27. dxe6 fxe6
28. Ne1 Ra5 29. Qc3 Rxa6 30. f3 Bf5 31. g4 Bg6 32. g5 hxg5 33. Bxe6+ Bf7 34.
Bxf7+ Kxf7 35. c5 bxc5 36. Rd3 Qb6 37. Qc4+ Ke7 38. Rxd8 Kxd8 39. Qxc5 Qxc5+
40. Rxc5 Nh7 41. Kf2 Ra2+ 42. Kg3 a5 43. Nd3 a4 44. Ra5 Ke7 45. Nb4 Ra1 46. Nc2
Ra2 47. Nb4 Ra1 1/2-1/2

[Event "Southend op"]
[Site "?"]
[Date "1998.04.10"]
[Round "1"]
[White "Walker, Gary E"]
[Black "Gamble, Raymond J"]
[Result "1/2-1/2"]
[WhiteElo "1544"]
[BlackElo "1936"]
[PlyCount "54"]
[EventDate "1998.04.10"]

1. g4 d5 2. h3 e5 3. Bg2 c6 4. d4 e4 5. c4 f5 6. Nc3 fxg4 7. hxg4 Bb4 8. Qb3
Bxc3+ 9. bxc3 Qb6 10. cxd5 Qxb3 11. axb3 cxd5 12. f3 exf3 13. Bxf3 Nc6 14. Bxd5
Nf6 15. Bxc6+ bxc6 16. g5 Ne4 17. c4 O-O 18. Nf3 Rb8 19. b4 Rxb4 20. Rh4 Ng3
21. Kf2 Nf5 22. Ba3 Ra4 23. Rf4 Re8 24. e4 Nd6 25. Ne5 Nxc4 26. Nxc4 Rxc4 27.
Bc5 a6 1/2-1/2

[Event "Southend op"]
[Site "?"]
[Date "1998.04.10"]
[Round "2"]
[White "Gamble, Raymond J"]
[Black "Trent, Lawrence"]
[Result "1/2-1/2"]
[WhiteElo "1936"]
[BlackElo "1560"]
[PlyCount "68"]
[EventDate "1998.04.10"]

1. d4 Nf6 2. Nf3 c5 3. e3 e6 4. Bd3 Be7 5. Nbd2 b6 6. Qe2 O-O 7. c3 Bb7 8. O-O
Nc6 9. a3 Qc7 10. b4 Nd5 11. Bb2 cxd4 12. cxd4 Rac8 13. b5 Na5 14. Rac1 Qb8 15.
Ne5 Rxc1 16. Rxc1 Rc8 17. Rc2 Rxc2 18. Bxc2 Qc7 19. Qd3 g6 20. Ndc4 Nf6 21. f3
Nxc4 22. Qxc4 Qxc4 23. Nxc4 Bd5 24. Nd2 Kf8 25. Kf2 Bb7 26. e4 d5 27. e5 Ne8
28. Nb1 Nc7 29. a4 a6 30. Bd3 axb5 31. axb5 Bc8 32. Ba3 Bd7 33. Bxe7+ Kxe7 34.
Nc3 Be8 1/2-1/2

[Event "Southend op"]
[Site "?"]
[Date "1998.04.11"]
[Round "3"]
[White "Paul, Dennis B"]
[Black "Gamble, Raymond J"]
[Result "1/2-1/2"]
[WhiteElo "1688"]
[BlackElo "1936"]
[PlyCount "79"]
[EventDate "1998.04.10"]

1. c4 e6 2. Nc3 d5 3. d4 Nf6 4. Nf3 c6 5. e3 Nbd7 6. Bd3 dxc4 7. Bxc4 b5 8. Bd3
b4 9. Na4 Bd6 10. b3 Qe7 11. Bb2 e5 12. dxe5 Nxe5 13. Nxe5 Bxe5 14. Qc2 O-O 15.
a3 Rd8 16. axb4 Bxb2 17. Nxb2 Qxb4+ 18. Ke2 Qg4+ 19. Kf1 Bb7 20. Qe2 Qb4 21.
Qc2 a5 22. Nc4 Qc5 23. h4 h6 24. Rc1 Nd5 25. Be2 Qb4 26. Bd3 Nb6 27. Nxb6 Qxb6
28. Bc4 Ba6 29. g4 Bxc4+ 30. Qxc4 Rab8 31. Ke2 Qxb3 32. Qxb3 Rxb3 33. Rxc6 Rb2+
34. Kf3 Rdd2 35. Rf1 a4 36. Ra6 Ra2 37. g5 h5 38. Ra7 a3 39. Ra8+ Kh7 40. Ra7
1/2-1/2